000 00458nam a2200181Ia 4500
001 5016
005 20260306145837.0
008 260306t2009||||xx |||||||||||||| ||spa||
041 _aESP
082 _a332.6324
_bO73
100 _aOrti Vallejo, Antonio (dir.)
_eAUT
245 0 _aEstudios sobre los fondos de inversión inmobiliaria
260 _c2009
300 _a354 páginas :
_c23 cm.
650 _aGEN
654 _aCAN
942 _cLIB
_dJUS
_fJUS
_2ddc
_n
999 _c5016
_d5016